[Event "Top 12 FRA-chT 2017"]
[Site "Chartres"]
[Date "2017.05.23"]
[Round "6"]
[White "Moucheroud, Jeremy"]
[Black "Coursaget, Nicolas"]
[Result "1/2-1/2"]
[WhiteElo "2197"]
[BlackElo "2311"]
[Annotator "TA"]
[PlyCount "34"]
[EventDate "2017.??.??"]
[EventType "team-tourn"]
[EventCountry "FRA"]
[SourceTitle "playchess.com"]
[Source "ChessBase"]
[SourceQuality "1"]
[WhiteTeam "Montpellier"]
[BlackTeam "Lisieux"]

{[%evp 22,34,52,39,42,8,51,20,23,10,28,27,44,31,37]} 1. e4 Nf6 2. e5 Nd5 3. d4 d6 4. Nf3 Bg4 5. Be2 c6 6. O-O Bxf3 7. Bxf3 dxe5 8. dxe5 e6 9. Nd2 Nd7 10. Re1 Qc7 11. Nc4 N7b6 12. Qe2 Be7 {B05: Alekhine's Defence: 4 Nf3 Bg4} 13. g3 $146 ({Predecessor:} 13. Nd6+ Bxd6 14. exd6 Qxd6 15. c4 Nf6 16. b3 O-O 17. a4 Rfd8 18. a5 Nbd7 19. a6 Rab8 20. Ba3 {0-1 (57) Wieczorek,O (2407)-Socko,B (2654) Warsaw 2014}) 13... O-O-O 14. a3 Nxc4 15. Qxc4 h5 {[%cal Bh7h5,Bh5h4,Bh4g3][%mdl 32]} 16. b4 h4 17. Qb3 hxg3 1/2-1/2

[Event "Top 12 FRA-chT 2017"]
[Site "Chartres"]
[Date "2017.05.23"]
[Round "6"]
[White "Leconte, Maria"]
[Black "Maisuradze, Nino"]
[Result "1-0"]
[WhiteElo "2174"]
[BlackElo "2260"]
[Annotator "NA RC"]
[PlyCount "71"]
[EventDate "2017.??.??"]
[EventType "team-tourn"]
[EventCountry "FRA"]
[SourceTitle "playchess.com"]
[Source "ChessBase"]
[SourceQuality "1"]
[WhiteTeam "Saint Quentin"]
[BlackTeam "Bischwiller"]
[TimeControl "40/5400+30:1800+30"]

1. e4 {[%emt 0:00:00]} c5 {[%emt 0:00:10]} 2. Nf3 {[%emt 0:00:00]} e6 {[%emt 0:00:22]} 3. c3 {[%emt 0:00:00]} d5 {[%emt 0:00:17]} 4. exd5 {[%emt 0:00:00]} Qxd5 {[%emt 0:00:02]} 5. d4 {[%emt 0:00:07]} Nf6 {[%emt 0:00:22]} 6. Be3 {[%emt 0:00:05]} cxd4 {[%emt 0:00:03]} 7. cxd4 {[%emt 0:00:05]} Nc6 {[%emt 0:00:16]} 8. Nc3 {[%emt 0:00:08]} Qd6 {[%emt 0:00:11]} 9. a3 {[%emt 0:01:28]} Be7 {[%emt 0:00:18]} 10. Bd3 {[%emt 0:00:08]} O-O {[%emt 0:00:11]} 11. O-O {[%emt 0:00:07]} b6 {[%emt 0:05:17]} 12. Qe2 {[%emt 0:00:22]} Bb7 {[%emt 0:00:23]} 13. Rad1 {[%emt 0:00:07]} Rac8 {[%emt 0:04:13]} 14. Rfe1 {[%emt 0:00:45]} Rfd8 {[%emt 0:02:39] Bg} 15. Bg5 {[%emt 0:01:11] B22: Sicilian: 2 c3} Qb8 {[%emt 0:44:21]} 16. Bb1 {[%emt 0:02:27]} a6 $2 $146 {[%emt 0:12:02] [#]} (16... Re8 $16 {was called for.}) ({Predecessor:} 16... Nd5 17. Qe4 g6 18. Qh4 Qc7 19. Ba2 Nxc3 20. bxc3 Bxa3 21. Bxd8 Nxd8 22. d5 exd5 23. Re8+ Bf8 24. Qh6 Ne6 25. Ng5 {1-0 (25) Zumsande,M (2403)-Mas,H (2391) Haarlem 2009}) 17. d5 $1 {[%emt 0:07:14]} exd5 {[%emt 0:03:48]} 18. Bxf6 $2 {[%emt 0:00:39]} (18. Qd3 $18 {is more deadly.} g6 {[#]} 19. Rxe7 $1 {[%mdl 512]} Nxe7 20. Bxf6) 18... Bxf6 {[%emt 0:00:17]} 19. Nxd5 {[%emt 0:00:39]} Qd6 {[%emt 0:18:33]} 20. Nxf6+ {[%emt 0:09:25]} Qxf6 {[%emt 0:00:11]} 21. Rxd8+ {[%emt 0:00:05]} Qxd8 {[%emt 0:00:06]} 22. Ng5 {[%emt 0:00:30]} g6 {[%emt 0:01:16]} 23. h4 {[%emt 0:15:14]} Nd4 {[%emt 0:00:21]} 24. Qg4 {[%emt 0:00:49]} h5 {[%emt 0:02:48] [#]} 25. Qf4 $1 {[%emt 0:04:13]} f5 $2 {[%emt 0:02:59]} (25... Qd5 $16 26. Be4 Qc4) 26. Ba2+ {[%emt 0:03:46]} Bd5 {[%emt 0:00:10]} 27. Re8+ {[%emt 0:02:56]} Qxe8 {[%emt 0:00:01]} 28. Bxd5+ {[%emt 0:00:06]} Kf8 {[%emt 0:01:51]} 29. Qxd4 {[%emt 0:00:06]} Qe1+ {[%emt 0:00:52]} 30. Kh2 {[%emt 0:00:05]} Ke7 $18 {[%emt 0:00:18]} 31. Nf3 {[%emt 0:07:15]} Qc1 {[%emt 0:00:44]} 32. Qe5+ {[%emt 0:01:57]} Kf8 {[%emt 0:00:33]} 33. Qf6+ {[%emt 0:03:25]} Ke8 {[%emt 0:00:01]} 34. Bf7+ {[%emt 0:00:22]} Kd7 {[%emt 0:00:07]} 35. Be6+ {[%emt 0:02:28]} Kc7 {[%emt 0:00:04]} 36. Qe5+ {[%emt 0:00:14]} 1-0

[Event "Top 12 FRA-chT 2017"]
[Site "Chartres"]
[Date "2017.05.23"]
[Round "6"]
[White "Steil-Antoni, Fiona"]
[Black "Vitoux, Colomban"]
[Result "1/2-1/2"]
[WhiteElo "2155"]
[BlackElo "2382"]
[Annotator "TA"]
[PlyCount "81"]
[EventDate "2017.??.??"]
[EventType "team-tourn"]
[EventCountry "FRA"]
[SourceTitle "playchess.com"]
[Source "ChessBase"]
[SourceQuality "1"]
[WhiteTeam "Vandoeuvre"]
[BlackTeam "Strasbourg"]

{[%evp 9,81,2,24,7,22,14,12,24,16,-29,-28,-27,31,14,27,28,29,25,35,4,0,9,17,12,33,25,19,17,21,0,0,0,0,0,0,0,0,-40,-40,-40,41,0,0,0,0,0,0,0,0,0,0,0,0,0,0,0,0,0,0,0,0,0,0,0,0,0,0,0,0,0,0,0,0,0]} 1. e4 c5 2. c3 e6 3. d4 d5 4. exd5 exd5 5. Bd3 Nf6 (5... Nc6 6. Be3 cxd4 7. cxd4 Bd6 8. Nc3 Nge7 9. Qf3 O-O 10. Nge2 Be6 11. O-O Qd7 12. h3 Rad8 13. Rad1 a6 {1-0 (22) Bortnyk,M (2422)-Sumets,A (2577) Lvov 2016}) 6. h3 {C01: French: Exchange Variation} Be7 7. Nf3 O-O 8. O-O Nc6 9. Be3 c4 10. Bc2 b5 (10... Bd6 $11) 11. Re1 $146 (11. Ne5 $5 {[%cal Re5c6]} Qc7 12. Re1 $11) ({Predecessor:} 11. Ne5 Qc7 12. f4 Ne4 13. Nd2 f5 14. Qe1 a5 15. a3 Be6 16. Nxe4 fxe4 17. g4 g6 18. Qg3 Nxe5 19. fxe5 {½-½ (19) Homonnay,A (2120)-Pasztor,F (2240) Miskolc 1997}) 11... Be6 12. Nbd2 Qc7 13. Ne5 Nxe5 14. dxe5 Qxe5 15. Bxa7 Qh5 16. Bd4 b4 17. Nf3 {[#] Strongly threatening Re5.} Nd7 18. Re3 bxc3 19. bxc3 Bd6 20. Qe1 Bf4 21. Rxe6 fxe6 22. Qxe6+ Qf7 23. Qg4 (23. Bf5 $5 {[%cal Re6d7]} Nf6 24. Bxf6 $11) 23... g6 24. h4 {Black must now prevent h5.} Ne5 (24... Bh6 $15) 25. Bxe5 Bxe5 {The position is equal.} 26. Nxe5 Qxf2+ 27. Kh1 {And now Bxg6 would win.} Qxc2 (27... Rf4 $5 28. Qe6+ $8 Kh8 $11) 28. Qe6+ Kh8 29. Nf7+ Kg7 30. Ng5 {Qe7+ would kill now.} Qf5 {aiming for ...Rae8.} (30... Ra7 31. Qe5+ Kg8 32. Qxd5+ Kh8 33. Qd4+ Rg7 34. Ne6 $18) 31. Qe7+ {[#]} Rf7 $1 {[%cal Rf7e7][%mdl 512]} 32. Nxf7 (32. Qxf7+ Qxf7) 32... Qxf7 $11 {[%mdl 4096] Endgame KQR-KQR} 33. Qe5+ Qf6 34. Qxd5 Qxh4+ 35. Kg1 Rd8 36. Qe5+ Kh6 37. Rf1 Qg5 38. Qh2+ Qh5 39. Qf4+ Qg5 40. Qh2+ Qh5 41. Qf4+ {Precision: White = 68%, Black = 60%.} 1/2-1/2

[Event "Top 12 FRA-chT 2017"]
[Site "Chartres"]
[Date "2017.05.23"]
[Round "6"]
[White "Aflalo, Sophie"]
[Black "Bollengier, Andreea"]
[Result "1/2-1/2"]
[WhiteElo "2135"]
[BlackElo "2234"]
[Annotator "TA"]
[PlyCount "97"]
[EventDate "2017.??.??"]
[EventType "team-tourn"]
[EventCountry "FRA"]
[SourceTitle "playchess.com"]
[Source "ChessBase"]
[SourceQuality "1"]
[WhiteTeam "Tremblay-En-France"]
[BlackTeam "Nice Alekhine"]

{[%evp 13,97,42,45,13,16,24,26,22,39,22,4,6,12,7,29,-7,-7,-10,-8,-13,0,6,36,11,31,8,8,11,11,13,13,11,13,15,15,11,16,0,0,-61,-50,-71,-15,-30,-19,-48,-41,-92,0,-102,0,11,266,266,692,679,1238,1163,995,816,796,669,779,668,743,664,656,647,611,576,560,545,547,513,720,455,589,426,416,413,685,605,961,916,536,518]} 1. e4 Nf6 2. Nc3 d5 3. exd5 Nxd5 4. Nf3 g6 5. Bc4 c6 6. d4 Bg7 7. O-O O-O 8. h3 {B01: Scandinavian Defence} Nxc3 (8... a5 9. Re1 Nb6 10. Bf1 N8d7 11. Bg5 Nf6 12. Qd2 Be6 13. Rxe6 fxe6 {1-0 (67) Harutjunyan,G (2436)-Tsyhanchuk,S (2362) Minsk 2015}) 9. bxc3 c5 10. Bg5 $146 {White has an edge.} ({Predecessor:} 10. Be3 cxd4 11. cxd4 Qc7 12. Qe2 Nc6 13. Rac1 {1-0 (26) Mesojedec,Z (2010)-Tscheinig,G (1940) Balatonboglar 1996}) 10... h6 11. Be3 cxd4 12. cxd4 Nc6 13. Qd2 Kh7 14. Rab1 b6 15. Rfd1 Bb7 16. Be2 Rc8 17. c4 Ba6 18. Rbc1 Na5 {[%cal Ra5c4]} 19. c5 Bxe2 20. Qxe2 bxc5 21. dxc5 Qc7 22. Nd4 Rfd8 23. Qf3 Kg8 24. Nb5 Rxd1+ $1 25. Rxd1 Qb8 26. a4 ({White should play} 26. Rb1 $11) 26... a6 $15 27. Qg4 axb5 ({Black should try} 27... Nc6 $17) 28. axb5 $11 Nb7 29. Qb4 Qe5 30. b6 (30. Rc1 $15) 30... e6 ({Stronger than} 30... Nxc5 31. Rc1 $16) ({Better is} 30... Qe6 $17 31. Qa4 g5) 31. Qb5 (31. Qc4 $1 $11) 31... Bf8 (31... Bf6 $17 {Hoping for ...Bg5.} 32. Qc4 Bg5 33. Bxg5 Qxg5) 32. Qd7 $1 {[%csl LRb7,LRc8]} Rxc5 $2 {[%mdl 8192]} (32... Rd8 $11 33. Qxd8 Nxd8 34. Rxd8 Qa1+ 35. Kh2 Qf6) 33. Qxb7 $18 Rb5 $2 (33... Rc3 34. Qf3 Rb3) 34. Qa8 Ra5 35. b7 Rb5 36. Bxh6 Rxb7 37. Qxf8+ Kh7 38. Bc1 {[#] White threatens Qh6+ and mate.} g5 39. Qd8 Rb1 40. Qd3+ Qf5 {intending ...Qxd3.} 41. Qxf5+ exf5 {[%mdl 4096] Endgame KRB-KR} 42. g3 Kg6 43. Kg2 f4 44. Rd6+ Kf5 45. Bd2 fxg3 46. Kxg3 Rg1+ (46... Rb3+ $142 47. Be3 f6) 47. Kf3 {[#] And now Bc3 would win.White is clearly winning.} Ke5 48. Rh6 f5 49. Rg6 {[%mdl 32768] Precision: White = 65%, Black = 40%. . An unexpected result.} 1/2-1/2

[Event "Top 12 FRA-chT 2017"]
[Site "Chartres"]
[Date "2017.05.23"]
[Round "6"]
[White "De Seroux, Camille"]
[Black "Haussernot, Cecile"]
[Result "1/2-1/2"]
[WhiteElo "2117"]
[BlackElo "2099"]
[Annotator "TA"]
[PlyCount "30"]
[EventDate "2017.??.??"]
[EventType "team-tourn"]
[EventCountry "FRA"]
[WhiteTeam "Grasse Echecs"]
[BlackTeam "Mulhouse Philidor"]

{[%evp 20,30,0,-22,-12,-51,31,12,6,28,19,10,15]} 1. e4 e5 2. Nf3 Nc6 3. Nc3 Nf6 4. d4 Bb4 5. Nxe5 Qe7 6. Nxc6 Qxe4+ 7. Qe2 {C47: Scotch Four Knights and Four Knights with 4 g3} dxc6 8. Bd2 Qxe2+ 9. Bxe2 Bf5 10. O-O-O O-O-O 11. Bg5 {LiveBook: 3 Games} (11. a3 $5 {[%cal Ra3b4]} Ba5 12. Bg5 $11) (11. a3 Bxc3 12. Bxc3 Rhe8 13. Rhe1 Ne4 14. Bd3 Bg6 15. Bxe4 Rxe4 16. Rxe4 Bxe4 {½-½ (31) Wang,C (2505)-Gao,R (2543) Xinghua 2017}) 11... Rd6 (11... Bxc3 $5 12. bxc3 Rde8 $11) 12. Bd3 $146 ({Predecessor:} 12. Bf3 Rhd8 13. Ne2 h6 14. Be3 R6d7 {0-1 (39) Goiriz,Y (2093)-Jimenez,J (2224) Asuncion 2011}) 12... Bg4 (12... Bxd3 $15 13. Rxd3 Re6) 13. f3 Bxc3 14. bxc3 Be6 15. Bxf6 gxf6 1/2-1/2

[Event "Top 12 FRA-chT 2017"]
[Site "Chartres"]
[Date "2017.05.23"]
[Round "6"]
[White "De Seroux, Camille"]
[Black "Haussernot, Cecile"]
[Result "*"]
[WhiteElo "2117"]
[BlackElo "2099"]
[Annotator "TA"]
[PlyCount "36"]
[EventDate "2017.??.??"]
[EventType "team-tourn"]
[EventCountry "FRA"]
[SourceTitle "playchess.com"]
[Source "ChessBase"]
[SourceQuality "1"]
[WhiteTeam "Grasse Echecs"]
[BlackTeam "Mulhouse Philidor"]

{[%evp 9,10,37,43]} 1. e4 e5 2. Nf3 Nc6 3. Nc3 Nf6 4. d4 Bb4 5. Nxe5 Qe7 {LiveBook: 92 Games} {Predecessor:} 6. Qd3 $146 Nxe5 7. dxe5 Qxe5 8. Bd2 O-O 9. O-O-O Bxc3 10. Bxc3 Qxe4 11. Qg3 Qg4 12. Bxf6 Qxg3 13. hxg3 gxf6 14. Bd3 d6 15. Rxh7 Re8 16. Rdh1 Kf8 17. Rh8+ Ke7 18. Rxe8+ Kxe8 {1-0 (40) Delchev,A (2595)-Nikolov,M (2557) Montana 2017} *

[Event "Top 12 FRA-chT 2017"]
[Site "Chartres"]
[Date "2017.05.23"]
[Round "6"]
[White "Rodon, Gurvan"]
[Black "Ouakhir, Pierre Mehdi"]
[Result "1/2-1/2"]
[WhiteElo "2047"]
[BlackElo "2277"]
[Annotator "NA RC"]
[PlyCount "58"]
[EventDate "2017.??.??"]
[EventType "team-tourn"]
[EventCountry "FRA"]
[SourceTitle "playchess.com"]
[Source "ChessBase"]
[SourceQuality "1"]
[WhiteTeam "Lisieux"]
[BlackTeam "Montpellier"]
[TimeControl "40/5400+30:1800+30"]

{[%evp 19,57,-2,15,0,9,8,16,6,20,-21,-39,-27,32767,32767,9,32767,11,8,74,60,58,32767,32767,-18,0,32767,32767,32767,0,4,32767,0,32767,32767,32767,32767,32767,32767,31,41]} 1. d4 {[%emt 0:00:00]} d5 {[%emt 0:01:28]} 2. c4 {[%emt 0:00:00]} e6 {[%emt 0:00:10]} 3. Nc3 {[%emt 0:00:00]} c6 {[%emt 0:00:04]} 4. e3 {[%emt 0:01:28]} Nf6 {[%emt 0:00:41]} 5. Nf3 {[%emt 0:00:09]} Nbd7 {[%emt 0:00:04]} 6. Qc2 {[%emt 0:01:17]} Bd6 {[%emt 0:00:29]} 7. Be2 {[%emt 0:01:30]} O-O {[%emt 0:00:46]} 8. O-O {[%emt 0:00:10]} Re8 {[%emt 0:02:13]} 9. Rd1 {[%emt 0:03:42]} Qe7 {[%emt 0:01:27]} 10. h3 {[%emt 0:02:22]} h6 {[%emt 0:13:12]} 11. a3 {[%emt 0:02:47]} dxc4 12. Bxc4 {[%emt 0:00:24]} e5 {[%emt 0:03:07]} 13. Nh4 {[%emt 0:05:10]} Nf8 {[%emt 0:04:44] D45: Semi-Slav: 5 e3} 14. Nf5 {[%emt 0:02:52]} (14. dxe5 Bxe5 15. Bd2 Bc7 16. Nf5 Qe5 17. Ng3 Be6 18. Bd3 Rad8 19. Nce2 Bb6 20. b4 Ng6 21. a4 {1-0 (44) Karpov,A (2770)-Lautier,J (2645) Dortmund 1995}) 14... Bxf5 $1 {[%emt 0:00:10]} 15. Qxf5 {[%emt 0:00:07] LiveBook: 9 Games} e4 {[%emt 0:00:20]} 16. h4 {[%emt 0:08:14] [#]} Qd7 $146 {[%emt 0:11:30]} ({Predecessor:} 16... g6 17. Qh3 Rad8 18. Bd2 N8d7 19. Rac1 Nb6 20. Be2 Nbd5 21. Nxd5 Nxd5 {0-1 (34) Kononenko,T (2378)-Korneev,O (2645) Seville 2008}) 17. Qxd7 {[%emt 0:03:25]} N8xd7 {[%emt 0:00:22]} 18. b4 {[%emt 0:13:05]} b5 {[%emt 0:10:12]} (18... a6 $11) 19. Bf1 {[%emt 0:08:45]} Nb6 {[%emt 0:10:29]} 20. d5 {[%emt 0:11:26]} Be5 {[%emt 0:00:53]} 21. Bb2 {[%emt 0:00:54]} Nfxd5 {[%emt 0:10:42]} (21... Bxc3 $5 22. Bxc3 Nfxd5 $15) 22. Nxd5 {[%emt 0:01:52]} Bxb2 {[%emt 0:00:28]} 23. Nxb6 {[%emt 0:06:06]} axb6 {[%emt 0:02:30]} 24. Ra2 $1 {[%emt 0:00:12]} Bf6 {[%emt 0:02:42]} 25. Rc1 {[%emt 0:01:00]} Re6 {[%emt 0:11:01]} 26. Rac2 {[%emt 0:06:54]} Rxa3 {[%emt 0:05:13]} 27. Rxc6 {[%emt 0:00:19]} Rxc6 {[%emt 0:04:38]} 28. Rxc6 {[%emt 0:00:08]} Bc3 {[%emt 0:01:08]} 29. Rxb6 $14 {[%emt 0:00:42]} Bxb4 {[%emt 0:01:10]} 1/2-1/2

[Event "Top 12 FRA-chT 2017"]
[Site "Chartres"]
[Date "2017.05.24"]
[Round "7"]
[White "Vachier-Lagrave, Maxime"]
[Black "Gledura, Benjamin"]
[Result "1-0"]
[WhiteElo "2795"]
[BlackElo "2602"]
[Annotator "TA"]
[PlyCount "61"]
[EventDate "2017.??.??"]
[EventType "team-tourn"]
[EventCountry "FRA"]
[SourceTitle "playchess.com"]
[Source "ChessBase"]
[SourceQuality "1"]
[WhiteTeam "Clichy"]
[BlackTeam "Mulhouse Philidor"]

{[%evp 19,61,22,26,28,45,21,43,33,37,31,30,29,52,41,37,46,41,41,57,35,127,64,104,119,286,303,301,304,324,318,300,223,466,458,377,280,472,489,475,447,755,616,29996,29997]} 1. e4 e5 2. Nf3 Nc6 3. Bc4 Bc5 4. c3 Nf6 5. d3 a5 6. O-O {C54: Giuoco Piano: 4 c3 Nf6, main lines with 5 d4 and 5 d3} d6 7. Bg5 {[%cal Bc1g5,Bg5h4,Bh4g3][%mdl 32]} (7. Re1 h6 8. Nbd2 O-O 9. h3 Ba7 10. Nf1 Be6 11. Ng3 Bxc4 12. dxc4 Ne7 13. Nh2 Qd7 14. Qf3 {1-0 (61) Karjakin,S (2785)-Andreikin,D (2736) Wijk aan Zee 2017}) 7... h6 8. Bh4 g5 9. Bg3 O-O $146 ({Predecessor:} 9... Qe7 10. d4 Bb6 11. Bb5 O-O 12. Bxc6 bxc6 13. dxe5 Nxe4 14. Re1 Nxg3 15. hxg3 {1-0 (34) Rej,D-Hansen,M Copenhagen 1993}) 10. a4 Bg4 {LiveBook: 4 Games} 11. h3 Bh5 12. Na3 Qd7 13. Nc2 Bb6 14. Ne3 Ne7 15. Bb3 Kh8 16. Bc2 Rg8 17. d4 exd4 18. cxd4 Rae8 {Black wants to play ...Nc6.} 19. Re1 Ba7 {[#]} (19... Nc6 $1 $14) 20. Ra3 ({Better is} 20. Rc1 $1 $16) 20... Bg6 21. Ne5 $36 {[%mdl 2048] Keeping Black busy.} Qc8 $2 ({Not} 21... dxe5 $2 22. Bxe5 Kh7 23. Bxf6 $18) (21... Qd8 $16 {keeps fighting.}) 22. Nxg6+ $18 fxg6 23. e5 Nfd5 24. exd6 cxd6 25. Bxd6 {Strongly threatening Nxd5.} Qd7 $2 (25... Bb8 {was worth a try.}) 26. Be5+ Kh7 27. Be4 Rd8 $2 (27... Nxe3 28. Rexe3 Nc6) 28. Ng4 Rgf8 29. Rf3 h5 (29... Bb8 $142 30. Bf6 Rc8 31. Bxe7 Nxe7 32. Nf6+ Rxf6) 30. Ne3 {Rf7+! would kill now.} Nxe3 {[#]} 31. Rf7+ $1 {[%mdl 512] Precision: White = 76%, Black = 36%.} 1-0

[Event "Top 12 FRA-chT 2017"]
[Site "Chartres"]
[Date "2017.05.24"]
[Round "7"]
[White "Wojtaszek, Radoslaw"]
[Black "Sokolov, Andrei"]
[Result "1-0"]
[WhiteElo "2734"]
[BlackElo "2519"]
[Annotator "TA"]
[PlyCount "51"]
[EventDate "2017.??.??"]
[EventType "team-tourn"]
[EventCountry "FRA"]
[SourceTitle "playchess.com"]
[Source "ChessBase"]
[SourceQuality "1"]
[WhiteTeam "Clichy"]
[BlackTeam "Mulhouse Philidor"]

{[%evp 10,51,12,11,31,29,28,30,52,40,53,42,93,83,93,93,95,81,142,150,144,151,131,145,156,144,148,137,233,239,221,211,274,256,269,272,270,249,387,397,420,423,1000,464]} 1. d4 Nf6 2. c4 e6 3. Nc3 d5 4. cxd5 exd5 5. Bg5 c6 6. e3 {LiveBook: 1993 Games} Be6 {D35: Queen's Gambit Declined: Exchange Variation} (6... h6 7. Bh4 Be7 8. Bd3 Nbd7 9. Nge2 Nh5 10. Bxe7 Qxe7 11. Qd2 Nb6 12. f3 Bd7 13. O-O O-O 14. g4 Nf6 15. Ng3 Ne8 16. Rae1 {1-0 (43) Mamedyarov,S (2766)-Adams,M (2751) Sharjah 2017}) 7. Bd3 Nbd7 8. h3 g6 $146 {White has an edge.} ({Predecessor:} 8... Bd6 9. Nge2 O-O 10. O-O Re8 11. Bf4 Be7 12. Qc2 c5 13. Nb5 c4 {½-½ (69) Bendana Guerrero,G (2440)-Da Maia,V (2497) ICCF email 2007}) 9. Nge2 Bg7 10. O-O O-O (10... Nb6 $14) 11. f4 $16 h6 12. Bh4 Qe8 13. f5 Bxf5 ({Better is} 13... gxf5 14. Ng3 Ne4) 14. Bxf5 gxf5 15. Ng3 Qxe3+ 16. Kh1 Rae8 17. Nxf5 Qe6 18. Qd3 Nh7 (18... Ne4 $16) 19. Rae1 $18 ({Less strong is} 19. Nxg7 Kxg7 20. Qg3+ Kh8 $11) 19... Qg6 20. Be7 Bf6 {intending ...Bxe7.} 21. Bxf8 Rxe1 22. Rxe1 Nhxf8 23. Re3 {[#] aiming for Rg3.} Qh5 (23... Kh8 {might work better.} 24. Ne2 Ne6) 24. Ne2 Ng6 25. Rf3 Kh7 (25... Nh4 $142 26. Rg3+ Kf8) 26. Qe3 {Precision: White = 86%, Black = 40%.} (26. Nfg3 $142 Qh4 27. Rf4) 1-0

[Event "Top 12 FRA-chT 2017"]
[Site "Chartres"]
[Date "2017.05.24"]
[Round "7"]
[White "Kryvoruchko, Yuriy"]
[Black "Li, Chao b"]
[Result "1/2-1/2"]
[WhiteElo "2714"]
[BlackElo "2722"]
[Annotator "TA"]
[PlyCount "36"]
[EventDate "2017.??.??"]
[EventType "team-tourn"]
[EventCountry "FRA"]
[SourceTitle "playchess.com"]
[Source "ChessBase"]
[SourceQuality "1"]
[WhiteTeam "Grasse Echecs"]
[BlackTeam "Nice Alekhine"]

{[%evp 21,36,27,32,29,32,30,25,24,27,23,27,22,41,25,33,12,17]} 1. e4 e5 2. Nf3 Nf6 3. Nxe5 d6 4. Nf3 Nxe4 5. Nc3 Nxc3 6. dxc3 Be7 7. Be3 Nc6 8. Qd2 Be6 9. O-O-O {C42: Petroff Defence: 3 Nxe5 and unusual White 3rd moves} Qd7 10. Kb1 (10. b3 O-O-O 11. Nd4 a6 12. Nxe6 fxe6 13. g3 d5 14. Bh3 Kb8 15. Rhe1 Rhe8 16. f4 Bf6 {½-½ (34) Vachier Lagrave,M (2804)-Caruana,F (2823) London 2016}) 10... a6 11. h4 h6 {LiveBook: 37 Games} 12. Be2 O-O-O 13. Nd4 Nxd4 14. Bxd4 Rhg8 15. c4 Rde8 $146 ({Predecessor:} 15... Bg4 16. f3 Be6 {½-½ (41) Dann,M (2432)-Konopka,M (2453) Germany 2012}) 16. g3 Bd8 17. b3 Bf5 18. Rhe1 g5 1/2-1/2

[Event "Top 12 FRA-chT 2017"]
[Site "Chartres"]
[Date "2017.05.24"]
[Round "7"]
[White "Jobava, Baadur"]
[Black "Stephan, Victor"]
[Result "1-0"]
[WhiteElo "2713"]
[BlackElo "2365"]
[Annotator "TA"]
[PlyCount "107"]
[EventDate "2017.??.??"]
[EventType "team-tourn"]
[EventCountry "FRA"]
[SourceTitle "playchess.com"]
[Source "ChessBase"]
[SourceQuality "1"]
[WhiteTeam "Tremblay-En-France"]
[BlackTeam "Lisieux"]

{[%evp 19,107,-12,-12,-7,-9,0,-6,-27,-27,-21,-8,-14,-4,-32,-22,-20,-25,-24,-23,-27,-35,-29,-28,-22,-25,-23,0,0,-2,-37,-40,-26,0,0,64,61,58,57,47,40,57,39,102,98,163,164,169,156,148,90,97,90,91,84,89,98,79,82,136,87,102,99,156,125,202,200,217,162,228,193,189,134,248,250,341,323,325,317,417,408,607,508,612,582,12839,12838,12838,12839,12839,1502]} 1. e4 {[%cal Be2e4,Be4e5][%mdl 32]} c5 2. c3 Nf6 3. e5 Nd5 4. Nf3 Nc6 5. Na3 d6 6. exd6 e6 7. g3 Bxd6 8. Bg2 O-O 9. O-O b6 10. d3 {B22: Sicilian: 2 c3} Bb7 {LiveBook: 4 Games} 11. Re1 Qd7 $146 ({Predecessor:} 11... a6 12. Nc4 Be7 13. a4 b5 14. Nfe5 Nxe5 15. Nxe5 Qc7 16. Bd2 Nb6 17. axb5 Bxg2 18. Kxg2 axb5 {½-½ (34) Shikalov,A (2521)-Pigg,H (2514) ICCF email 2005}) 12. Nc4 {The position is equal.} Bc7 13. a4 Rad8 14. Qb3 Ba6 15. Bg5 f6 16. Be3 (16. Bh3 $5 {[%cal Rh3e6]} Rfe8 17. Bd2 $11) 16... e5 (16... Qf7 {feels hotter.} 17. Qc2 h6 18. Nfd2 e5 19. a5 Bc8) 17. a5 Bxc4 18. Qxc4 Nxa5 19. Rxa5 bxa5 20. Bxc5 Rfe8 21. Bxa7 Kh8 22. Nh4 {White wants to play Bxd5.} g5 23. Nf5 $1 Bb6 24. Bxd5 Bxa7 25. Be4 Bb6 26. Kg2 $40 {[%mdl 128] White attacks.} Qc7 (26... Rb8 $11) 27. Bc6 $14 Rxd3 28. Qxd3 Qxc6+ 29. Qe4 Qxe4+ 30. Rxe4 {[%mdl 4096] Endgame KRB-KRN} Rd8 (30... Kg8 $14) 31. Rc4 $1 $16 Rd2 (31... Rb8 $16) 32. Rc8+ $18 Bd8 33. c4 {And now c5 would win.} Kg8 {[#]} 34. Ne7+ (34. Kf3 $142 $1) 34... Kf7 $16 35. Nd5 Ke8 36. Nxf6+ $1 Ke7 37. Nd5+ Kd7 38. Rb8 Rc2 (38... g4 $142) 39. b3 {Strongly threatening Rb7+.} Rb2 40. Rb5 Kc6 (40... e4 $142 41. Kf1 h5) 41. g4 Rc2 (41... e4 $16 42. Kf1 h6) 42. h3 $18 Rb2 43. Nc3 h6 (43... Bc7 {was necessary.} 44. Nd5 Bd8) 44. Kf3 (44. Rxe5 Rxb3 45. Ne4 Rb4 $11) 44... Rc2 45. Ne4 ({White should try} 45. Nd5 $18) 45... Rb2 {[#]} (45... Bc7 $16 {might work better.} 46. Nc5 Rc3+ 47. Ke4 Rxh3) 46. Nc5 $1 ({Less strong is} 46. Rxe5 Rxb3+ 47. Ke2 Rxh3 $14) 46... Bc7 47. Nd3 Rb1 48. Ke4 ({Not} 48. Nxe5+ Bxe5 49. Rxe5 Rxb3+ 50. Ke4 a4 $11) 48... Rh1 49. Nxe5+ Bxe5 (49... Kd6 $142 50. Nf7+ Kd7 51. Nxh6 Rxh3) 50. Rxe5 {White is clearly winning.} Rxh3 51. Rxa5 Rxb3 52. Ra6+ Kc5 53. Rxh6 Rc3 54. Rf6 {Precision: White = 73%, Black = 33%.} (54. Rg6 $142 Rxc4+ 55. Kf3) 1-0